|
|
|
|
| LEADER |
00000nab a2200000 ar4500 |
| 001 |
vtls008871805 |
| 003 |
SK-MaSNL |
| 005 |
20260305033216.0 |
| 008 |
171110c20051208xo dr|n|||||||000 b|slo |
| 015 |
|
|
|a SLLK2005
|2 sllk
|
| 038 |
|
|
|a SLLK
|
| 040 |
|
|
|a SLLK
|b slo
|c sllk
|e AACR2
|
| 041 |
0 |
|
|a slo
|
| 044 |
|
|
|a xo
|c SK
|
| 080 |
|
|
|a 796.332
|2 1997
|
| 100 |
1 |
|
|a Dic, Marián,
|d 1973-
|4 ivr
|4 aut
|9 1022463
|
| 245 |
1 |
0 |
|a J. Bača: V jarnej odvete chceme ísť ešte vyššie
|c Marián Dic
|
| 610 |
2 |
7 |
|a FK Plavnica
|2 sllk
|9 1060120
|
| 650 |
0 |
7 |
|a šport
|2 snkbucl
|9 1042
|
| 650 |
0 |
7 |
|a futbal
|x 5. liga
|y sezóna 2005/2006
|2 snkbucl
|9 1067953
|
| 651 |
|
7 |
|a Plavnica (Slovensko)
|2 snkbucl
|9 29162
|
| 651 |
|
7 |
|a Stará Ľubovňa (Slovensko : okres)
|2 snkbucl
|9 19196
|
| 700 |
1 |
|
|a Bača, Ján
|e futbalový tréner
|4 ive
|4 aut
|9 276585
|
| 773 |
0 |
|
|t Tatranský denník Korzár
|g Roč. VII, č. 283 (8.12.2005) s. 11
|x 1335-7573
|
| 852 |
|
|
|a SLLK
|b KIS3GCP
|
| 999 |
|
|
|c 3323331
|d 3325261
|